Statistics for Hidden Question Geography Game #1

Click here to take the quiz!

General Stats

  • This quiz has been taken 200 times
  • The average score is 9 of 15

Answer Stats

HintAnswer% Correct
Name one country that start with letter G
100%
Capital city of Venezuela
92%
Highest mountain in Europe
67%
Biggest US state by area
67%
Greek Titan who carry the sky on his shoulders
57%
Peninsula of Serbia, Albania, Bulgaria...
54%
Biggest river in Brazil
53%
Capital city of California
53%
Name one official language of Cyprus
53%
Current name of city once called Edo
49%
Grand Canyon river
49%
Biggest Australian island
47%
Name one color in flag fo China
47%
Name one of the ABC Islands
41%
Biggest peninsula in western Mexico
38%

Score Distribution

Percentile by Number Answered

Percent of People with Each Score

Your Score History

You have not taken this quiz